Szczegóły MARC21

Peter Schlemihls wundersame Geschichte /

003 -Nazwa inst., której nr kontr. jest w polu 001 [,]
    • @
    • Nazwa instytucji, której n kontrolny jest w polu 001
    • NUKAT
005 -DATA I CZAS OSTATNIEJ MODYFIKACJI [,]
    • @
    • pole kontrolne
    • 20260403163326.0
020 -Międzynarod. znormalizowany nr książki - ISBN [ , ]
    • a
    • Numer ISBN
    • 3735200532 Find
020 -Międzynarod. znormalizowany nr książki - ISBN [ , ]
    • a
    • Numer ISBN
    • 3735200176 Find
040 -Instytucja sporządzająca opis [ , ]
    • a
    • Instytucja, która sporządziła opis (NP)
    • KAT U/46MM
    • c
    • Instytucja, która sporządziła rekord (NP)
    • KAT U/46MMs
    • d
    • Instytucja, która zmodyfikowała rekord (P)
    • KAT U/46MM
942 -Rodzaj dokumentu [ , ]
    • c
    • Rodzaj dokumentu
    • Książka
100 -Hasło główne - nazwa osobowa [1, ]
    • a
    • Nazwa osobowa (NP)
    • Chamisso, Adelbert von
    • d
    • Daty biograficzne (NP)
    • (1781-1838).
    • 9
    • KHW
    • 231923
240 -Tytuł ujednolicony [1,0]
    • a
    • Tytuł ujednolicony
    • Peter Schlemihls wundersame Geschichte
    • l
    • Język tekstu
    • (niem.)
    • 9
    • KHW
    • 402149
245 -Strefa tytułu i oznaczenia odpowiedzialności [1,0]
    • a
    • Tytuł
    • Peter Schlemihls wundersame Geschichte / Find
    • c
    • Pozostałe elementy strefy tytułu i oznaczenia odpowiedzialności (NP)
    • Adelbert von Chamisso ; [Nachw. von Bernd Leistner ; Ill. von Christa Jahr].
260 -Strefa adresu wydawniczego [ , ]
    • a
    • Miejsce wydania (P)
    • Rudolstadt :
    • b
    • Nazwa wydawcy (P)
    • Greifenverlag,
    • c
    • Data wydania (P)
    • 1986.
300 -Strefa opisu fizycznego [ , ]
    • a
    • Określenie formy książki i/lub objętość (NP)
    • 99, [1] s. :
    • b
    • Oznaczenie ilustracji (NP)
    • il. ;
    • c
    • Format (NP)
    • 20 cm.
336 -Typ zawartości [ , ]
    • a
    • Termin opisujący typ zawartości
    • Tekst
    • b
    • Kod określający zawartość
    • txt
    • 2
    • Źródło (terminu i kodu)
    • rdacontent
337 -Typ mediów [ , ]
    • a
    • Tryb odtwarzania
    • Bez urządzenia pośredniczącego
    • b
    • Kod typu mediów
    • n
    • 2
    • Źródło (terminu i kodu)
    • rdamedia
338 -Typ/rodzaj nośnika [ , ]
    • a
    • Hasło opisujące typ nośnika
    • Wolumin
    • b
    • Kod typu nośnika
    • nc
    • 2
    • Źródło (terminu i kodu)
    • rdacarrier
490 -Strefa serii i książki wielotomowej - forma nie do wyszukiwania [1, ]
    • a
    • Tytuł (P)
    • Kleine Erbe-Serie Find
830 -Hasło dodatkowe serii i opisu książki wielotomowej - tytuł ujednolicony/tytuł [ ,0]
    • a
    • Tytuł ujednolicony/tytuł (NP)
    • Kleine Erbe-Serie
    • 9
    • KHW
    • 402150
655 -Hasło w funkcji tematu formalnego [ ,7]
    • a
    • Hasło
    • Nowele fantastyczne niemieckie
    • y
    • Określnik chronologiczny
    • 19 w.
    • 2
    • Źródło terminu
    • kaba
    • 9
    • KHW
    • 402119
700 -Hasło dodatkowe - nazwa osobowa [1, ]
    • a
    • Nazwa osobowa (NP)
    • Leistner, Bernd Find
    • d
    • Daty biograficzne (NP)
    • (1939-2019).
    • e
    • Określenie rodzaju współpracy
    • Posł.
    • 9
    • KHW
    • 402146
700 -Hasło dodatkowe - nazwa osobowa [1, ]
    • a
    • Nazwa osobowa (NP)
    • Jahr, Christa. Find
    • e
    • Określenie rodzaju współpracy
    • Il.
    • 9
    • KHW
    • 402148
920 -ISBN [ , ]
    • a
    • ISBN
    • 3-7352-0053-2 Find
920 -ISBN [ , ]
    • a
    • ISBN
    • 3-7352-0017-6 Find
Lokalizacja Data inwentaryzacji Numer inwentarzowy Sygnatura Status udost.
BG W.138484 -3
BM G.9743Germ. Opowiadania niemieckie-3
BM G.622 -3